[Event "XXV Festival A"]
[Site "Porto San Giorgio ITA"]
[Date "2014.08.26"]
[Round "5"]
[White "Mogranzini, Roberto"]
[Black "Vezzosi, Paolo"]
[WhiteElo "2496"]
[BlackElo "2274"]
[Result "1-0"]
[PlyCount "85"]
[EventDate "2014.08.22"]

1. c4 c6 2. g3 Nf6 3. Bg2 d5 4. Nf3 g6 5. b3 Bg7 6. Bb2 O-O 7. O-O Bg4 8. d3
Qc8 9. Nbd2 Bh3 10. cxd5 Bxg2 11. Kxg2 cxd5 12. Rc1 Qd8 13. b4 a5 14. b5 a4 15.
Qc2 Qa5 16. Rb1 Nbd7 17. Rfc1 Rfd8 18. Bc3 Qa7 19. Bd4 Qb8 20. Rb4 e5 21. Ba1
a3 22. Ra4 Rxa4 23. Qxa4 Bf8 24. e3 Bd6 25. Qc2 Nb6 26. Qb3 Nfd7 27. d4 e4 28.
Ng1 Rc8 29. Rc3 Rxc3 30. Bxc3 Qc8 31. Ne2 Nc4 32. Nxc4 dxc4 33. Qc2 Nf6 34. d5
Nxd5 35. Qxe4 Qe6 36. Kf3 Nxc3 37. Qxe6 fxe6 38. Nxc3 Be5 39. Ne4 Kf7 40. Ke2
Ke7 41. Nd2 c3 42. Nc4 Bf6 43. Kd3 1-0

[Event "XXV Festival A"]
[Site "Porto San Giorgio ITA"]
[Date "2014.08.26"]
[Round "5"]
[White "Moroni, Luca jr"]
[Black "Draskovic, Luka"]
[WhiteElo "2344"]
[BlackElo "2337"]
[Result "0-1"]
[PlyCount "62"]
[EventDate "2014.08.22"]

1. c4 e5 2. Nc3 Nc6 3. Nf3 g6 4. g3 Bg7 5. Bg2 f5 6. d3 Nf6 7. O-O O-O 8. a3 d6
9. Rb1 h6 10. b4 g5 11. b5 Ne7 12. a4 Be6 13. a5 Qd7 14. Nd2 Rab8 15. Ba3 b6
16. axb6 axb6 17. Bb4 h5 18. Ra1 h4 19. Ra7 Nc8 20. Rb7 Rxb7 21. Bxb7 Qf7 22.
Qc2 Ne7 23. Ra1 hxg3 24. hxg3 Ng4 25. Ra8 Rxa8 26. Bxa8 e4 27. dxe4 f4 28. Qd3
Ne5 29. Qc2 fxg3 30. f3 Qh5 31. Nf1 Nxf3+ 0-1

[Event "XXV Festival A"]
[Site "Porto San Giorgio ITA"]
[Date "2014.08.27"]
[Round "6"]
[White "Albertini, Luca"]
[Black "Aleksic, Nenad"]
[WhiteElo "2159"]
[BlackElo "2348"]
[Result "1/2-1/2"]
[PlyCount "22"]
[EventDate "2014.08.22"]

1. e4 c5 2. Nf3 e6 3. b3 b6 4. Bb2 Bb7 5. d3 d5 6. exd5 Qxd5 7. Nbd2 Nf6 8. g3
Be7 9. Bg2 O-O 10. O-O Qd8 11. Ne5 Bxg2 1/2-1/2

[Event "XXV Festival A"]
[Site "Porto San Giorgio ITA"]
[Date "2014.08.27"]
[Round "6"]
[White "Bentivegna, Francesco"]
[Black "Bruno, Fabio"]
[WhiteElo "2302"]
[BlackElo "2428"]
[Result "1/2-1/2"]
[PlyCount "27"]
[EventDate "2014.08.22"]

1. e4 c5 2. Nf3 e6 3. d4 cxd4 4. Nxd4 Nc6 5. Nc3 Qc7 6. Be3 Nf6 7. Be2 a6 8. a3
b5 9. Nxc6 dxc6 10. f4 Bb7 11. O-O Be7 12. e5 Nd5 13. Nxd5 cxd5 14. c3 1/2-1/2

[Event "XXV Festival A"]
[Site "Porto San Giorgio ITA"]
[Date "2014.08.27"]
[Round "6"]
[White "Drasko, Milan"]
[Black "Borgo, Giulio"]
[WhiteElo "2437"]
[BlackElo "2381"]
[Result "1-0"]
[PlyCount "111"]
[EventDate "2014.08.22"]

1. Nf3 d5 2. g3 c6 3. Bg2 Bg4 4. O-O Nd7 5. d3 e6 6. c4 Bd6 7. cxd5 cxd5 8. Nc3
a6 9. h3 Bh5 10. e4 Ne7 11. exd5 exd5 12. Be3 O-O 13. Qb3 Nc5 14. Bxc5 Bxc5 15.
d4 Bxf3 16. dxc5 Bxg2 17. Kxg2 Qc7 18. Rfd1 Rad8 19. Rac1 d4 20. Ne4 Qc6 21.
Qf3 Rd5 22. Kg1 f5 23. Nd2 Ng6 24. Qb3 Kh8 25. Nf3 f4 26. g4 Ne5 27. Nxe5 Rxe5
28. Rxd4 f3 29. Rcd1 Qe8 30. Qc3 Rg5 31. Qd2 h6 32. Rd8 Qxd8 33. Qxd8 Rxd8 34.
Rxd8+ Kh7 35. b4 Re5 36. Rd7 Re2 37. Rxb7 Rxa2 38. c6 Kg6 39. h4 Kf6 40. c7 Rc2
41. Kh2 Rxf2+ 42. Kg3 Rc2 43. Kxf3 Ke5 44. Ra7 g5 45. h5 Rc3+ 46. Ke2 Kf4 47.
Kd2 Rc6 48. Kd3 Kxg4 49. Kd4 Kxh5 50. Kd5 Rc1 51. Kd6 g4 52. Rxa6 g3 53. Ra2
Kg4 54. b5 Kh3 55. b6 g2 56. Rxg2 1-0

[Event "XXV Festival A"]
[Site "Porto San Giorgio ITA"]
[Date "2014.08.27"]
[Round "6"]
[White "Draskovic, Luka"]
[Black "Mogranzini, Roberto"]
[WhiteElo "2337"]
[BlackElo "2496"]
[Result "1/2-1/2"]
[PlyCount "34"]
[EventDate "2014.08.22"]

1. e4 c5 2. Nf3 Nc6 3. Bb5 g6 4. O-O Bg7 5. Bxc6 bxc6 6. e5 Nh6 7. d3 O-O 8.
Nbd2 d6 9. Re1 f6 10. exd6 exd6 11. Nc4 Nf7 12. h3 Rb8 13. b3 Ne5 14. Bf4 g5
15. Bg3 g4 16. hxg4 Bxg4 17. Nfxe5 Bxd1 1/2-1/2

[Event "XXV Festival A"]
[Site "Porto San Giorgio ITA"]
[Date "2014.08.27"]
[Round "6"]
[White "Movileanu, Daniela"]
[Black "Godena, Michele"]
[WhiteElo "2051"]
[BlackElo "2513"]
[Result "0-1"]
[PlyCount "87"]
[EventDate "2014.08.22"]

1. e4 e5 2. Nf3 Nc6 3. Bb5 Bc5 4. c3 Nf6 5. O-O O-O 6. d4 Bb6 7. Bg5 h6 8. Bh4
d6 9. Bxc6 bxc6 10. dxe5 dxe5 11. Qa4 Qd6 12. Nbd2 Nd7 13. Rfd1 Re8 14. Nb3 Qe6
15. Rd2 a5 16. Rad1 f6 17. Bg3 Ba7 18. Nc1 Nc5 19. Qc2 Qc4 20. Re1 Bg4 21. b3
Qf7 22. b4 Nb7 23. h3 Bxf3 24. gxf3 axb4 25. cxb4 c5 26. Red1 Re7 27. b5 Nd6
28. a4 Bb6 29. Na2 Qc4 30. Nc3 Ba5 31. Nd5 Bxd2 32. Nxe7+ Kf7 33. Qxd2 Kxe7 34.
Rc1 Qd4 35. Qxd4 cxd4 36. Rxc7+ Ke6 37. f4 Nxe4 38. fxe5 fxe5 39. Bh4 g5 40. f3
Nd6 41. Be1 Rxa4 42. b6 Ra1 43. Kf2 Ra2+ 44. Kf1 0-1

[Event "XXV Festival A"]
[Site "Porto San Giorgio ITA"]
[Date "2014.08.27"]
[Round "6"]
[White "Naumkin, Igor"]
[Black "Bonade', Massimo"]
[WhiteElo "2448"]
[BlackElo "2103"]
[Result "1-0"]
[PlyCount "77"]
[EventDate "2014.08.22"]

1. d4 Nf6 2. c4 e6 3. Nf3 b6 4. g3 Bb7 5. Bg2 Be7 6. O-O O-O 7. Re1 Na6 8. Nc3
Ne4 9. Bd2 f5 10. a3 c5 11. Nb5 Nc7 12. Nxc7 Qxc7 13. Rc1 Bf6 14. Be3 d6 15.
Rc2 Rad8 16. Qc1 h6 17. Rd1 e5 18. d5 g5 19. Ne1 Bg7 20. Bxe4 fxe4 21. Ng2 Qf7
22. b4 Bc8 23. bxc5 bxc5 24. Rb2 Qf5 25. Qc2 Bf6 26. Rf1 h5 27. Bd2 Qg6 28. f3
g4 29. Qxe4 Bf5 30. Qe3 e4 31. Bc3 exf3 32. exf3 Rde8 33. Qd2 gxf3 34. Rxf3
Bxc3 35. Qxc3 Bg4 36. Nf4 Qe4 37. Rff2 Rb8 38. h3 Bd7 39. Nxh5 1-0

[Event "XXV Festival A"]
[Site "Porto San Giorgio ITA"]
[Date "2014.08.27"]
[Round "6"]
[White "Ramirez Garcia, Jorge Alberto"]
[Black "Moroni, Luca jr"]
[WhiteElo "2265"]
[BlackElo "2344"]
[Result "1/2-1/2"]
[PlyCount "130"]
[EventDate "2014.08.22"]

1. e4 e6 2. d4 d5 3. Nc3 Nf6 4. exd5 exd5 5. Bg5 Be7 6. Bd3 Nc6 7. Nge2 Be6 8.
Qd2 Qd7 9. f3 O-O-O 10. O-O-O h6 11. Bf4 Ne8 12. Kb1 Nb4 13. Bb5 c6 14. Ba4 g5
15. Bg3 Nd6 16. Nc1 Bf5 17. a3 Nc4 18. Qe2 Rhe8 19. axb4 Bxb4 20. Qf2 Bxc3 21.
bxc3 Qe7 22. Bb3 Qa3 23. Bxc4 dxc4 24. Rhe1 Qxc3 25. Qd2 Qa3 26. Na2 Rxe1 27.
Rxe1 Rd5 28. Re5 Rxe5 29. Bxe5 Qb3+ 30. Ka1 Bxc2 31. Qb4 Qxb4 32. Nxb4 Bg6 33.
g4 a5 34. Na2 b5 35. Nc3 Kb7 36. Bg7 h5 37. Bf6 hxg4 38. fxg4 Ka6 39. Bxg5 b4
40. Na4 Kb5 41. Nc5 c3 42. h4 Kc4 43. Ka2 Bc2 44. h5 a4 45. Bc1 Kxd4 46. Nd7
Kd3 47. Ne5+ Ke2 48. Nxc6 b3+ 49. Ka3 Kd1 50. Bb2 cxb2 51. Kxb2 Kd2 52. Nd4 Kd3
53. Nf5 a3+ 54. Kxa3 Kc3 55. h6 b2 56. h7 b1=Q 57. h8=Q+ Kc4 58. Qc8+ Kd3 59.
Qd7+ Ke4 60. Nd6+ Kf4 61. Qxf7+ Kxg4 62. Qc4+ Kf3 63. Qc3+ Ke2 64. Nc4 Qb3+ 65.
Qxb3 Bxb3 1/2-1/2

[Event "XXV Festival A"]
[Site "Porto San Giorgio ITA"]
[Date "2014.08.27"]
[Round "6"]
[White "Romanishin, Oleg M."]
[Black "Corvi, Marco"]
[WhiteElo "2509"]
[BlackElo "2285"]
[Result "1-0"]
[PlyCount "111"]
[EventDate "2014.08.22"]

1. d4 g6 2. g3 Bg7 3. Bg2 d6 4. Nf3 f5 5. O-O Nf6 6. b3 O-O 7. Bb2 c6 8. c4 a5
9. Nc3 Na6 10. a3 Bd7 11. Re1 Qc7 12. e4 fxe4 13. Nxe4 Nxe4 14. Rxe4 Rae8 15.
Ng5 e5 16. dxe5 dxe5 17. Re3 Nc5 18. b4 Ne6 19. Nxe6 Bxe6 20. Qc2 axb4 21. axb4
Qf7 22. c5 Bd5 23. Rae1 Bxg2 24. Kxg2 Qd5+ 25. Qe4 Qa2 26. R1e2 Qf7 27. Rf3
Qxf3+ 28. Qxf3 Rxf3 29. Kxf3 e4+ 30. Ke3 Bh6+ 31. Kd4 Kf7 32. Kc4 e3 33. Bc1
Re4+ 34. Kb3 Ke6 35. fxe3 Re5 36. Bd2 Bg5 37. Kc2 h5 38. h4 Bd8 39. e4 Kd7 40.
Bf4 Re6 41. Rd2+ Ke8 42. Kd3 b6 43. Bd6 bxc5 44. bxc5 Kd7 45. Ke3 Ke8 46. Rf2
Bf6 47. Ra2 Bd8 48. Ra8 Kd7 49. Ra7+ Ke8 50. e5 g5 51. hxg5 Bxg5+ 52. Ke4 Bd8
53. Kf5 Rh6 54. Ra8 Rh7 55. e6 h4 56. e7 1-0

[Event "XXV Festival A"]
[Site "Porto San Giorgio ITA"]
[Date "2014.08.27"]
[Round "6"]
[White "Sonis, Francesco"]
[Black "Dragojlovic, Andjelko"]
[WhiteElo "2050"]
[BlackElo "2295"]
[Result "1-0"]
[PlyCount "65"]
[EventDate "2014.08.22"]

1. d4 g6 2. c4 Nf6 3. Nf3 Bg7 4. g3 O-O 5. Bg2 c6 6. O-O d5 7. Nc3 dxc4 8. e3
b5 9. Ne5 Qb6 10. Qe2 Bb7 11. a4 a6 12. b3 cxb3 13. Ba3 Nbd7 14. Bxe7 Rfe8 15.
Bxf6 Nxf6 16. Qb2 Re7 17. Qxb3 c5 18. Bxb7 Qxb7 19. axb5 cxd4 20. exd4 axb5 21.
Rxa8+ Qxa8 22. Qxb5 h5 23. Nc6 Rb7 24. Qc4 Qe8 25. d5 Qd7 26. Kg2 Rb2 27. Qd3
h4 28. Ne4 Nh5 29. Ng5 Qg4 30. Qe3 Qd7 31. Ne7+ Kf8 32. Nh7+ Ke8 33. Nc6+ 1-0

[Event "XXV Festival A"]
[Site "Porto San Giorgio ITA"]
[Date "2014.08.27"]
[Round "6"]
[White "Vezzosi, Paolo"]
[Black "Parrini, Daniele"]
[WhiteElo "2274"]
[BlackElo "2125"]
[Result "1-0"]
[PlyCount "65"]
[EventDate "2014.08.22"]

1. d4 Nf6 2. Nf3 g6 3. Nc3 d5 4. Bf4 Bg7 5. e3 O-O 6. Be2 c5 7. Ne5 Qb6 8. O-O
cxd4 9. exd4 Nc6 10. Nxc6 Qxc6 11. Bb5 Qb6 12. a4 Qa5 13. Be5 a6 14. Bd3 Bf5
15. Bxf5 gxf5 16. Ra3 Ng4 17. Bxg7 Kxg7 18. Ne2 Qc7 19. Rh3 Rac8 20. c3 Rh8 21.
Ng3 e6 22. Nh5+ Kf8 23. Qd2 f4 24. Nxf4 Nf6 25. Nd3 Ke7 26. Ne5 Ne4 27. Qh6
Rcg8 28. Re1 Qd8 29. Rf3 f5 30. Qh4+ Nf6 31. Rfe3 Qd6 32. f3 Rg7 33. Nd3 1-0

[Event "XXV Festival A"]
[Site "Porto San Giorgio ITA"]
[Date "2014.08.28"]
[Round "7"]
[White "Albertini, Luca"]
[Black "Vezzosi, Paolo"]
[WhiteElo "2159"]
[BlackElo "2274"]
[Result "0-1"]
[PlyCount "52"]
[EventDate "2014.08.22"]

1. e4 c5 2. Nf3 Nc6 3. Bb5 Qc7 4. Bxc6 bxc6 5. d3 d6 6. O-O Nf6 7. h3 g6 8. b3
Bg7 9. Bb2 e5 10. Re1 O-O 11. c3 Re8 12. Qc2 Bb7 13. Nbd2 d5 14. Rac1 Rad8 15.
a3 a5 16. c4 d4 17. Rb1 Bf8 18. Bc1 Rb8 19. Nf1 Nh5 20. N1h2 f6 21. Nf1 Bc8 22.
Qd1 Bd7 23. N3h2 Be7 24. g4 Ng7 25. f4 exf4 26. Bxf4 Qxf4 0-1

[Event "XXV Festival A"]
[Site "Porto San Giorgio ITA"]
[Date "2014.08.28"]
[Round "7"]
[White "Aleksic, Nenad"]
[Black "Rossi, Aldo A."]
[WhiteElo "2348"]
[BlackElo "2262"]
[Result "1/2-1/2"]
[PlyCount "45"]
[EventDate "2014.08.22"]

1. e4 c5 2. Nf3 Nc6 3. d4 cxd4 4. Nxd4 Nf6 5. Nc3 e5 6. Ndb5 d6 7. Bg5 a6 8.
Na3 b5 9. Bxf6 gxf6 10. Nd5 f5 11. g3 Bg7 12. Bg2 fxe4 13. Bxe4 Be6 14. Qh5 Rc8
15. c3 Ne7 16. Rd1 Nxd5 17. Bxd5 O-O 18. O-O Rc5 19. Bb3 Qd7 20. Rd2 Kh8 21.
Qd1 d5 22. Nc2 Bh6 23. Ne3 1/2-1/2

[Event "XXV Festival A"]
[Site "Porto San Giorgio ITA"]
[Date "2014.08.28"]
[Round "7"]
[White "Borgo, Giulio"]
[Black "Calavalle, Giulio"]
[WhiteElo "2381"]
[BlackElo "2209"]
[Result "1/2-1/2"]
[PlyCount "69"]
[EventDate "2014.08.22"]

1. Nf3 Nf6 2. g3 g6 3. b3 Bg7 4. Bb2 c5 5. c4 d6 6. Bg2 O-O 7. O-O Nc6 8. d4
cxd4 9. Nxd4 Bd7 10. Qd2 Nxd4 11. Bxd4 Bc6 12. Nc3 Bxg2 13. Kxg2 Qd7 14. e4 Ne8
15. Rad1 Bxd4 16. Qxd4 Nc7 17. c5 Rfd8 18. cxd6 Qc6 19. d7 Ne6 20. Qe5 Rxd7 21.
Rxd7 Qxd7 22. Rd1 Qc6 23. Nd5 Re8 24. Qb2 Ng5 25. Qe5 Ne6 26. Ne3 Nc5 27. Rd4
f6 28. Qd5+ Qxd5 29. exd5 Rd8 30. Rc4 Na6 31. a3 Kf7 32. b4 Rd7 33. Kf3 Nc7 34.
Rd4 Nb5 35. Rd3 1/2-1/2

[Event "XXV Festival A"]
[Site "Porto San Giorgio ITA"]
[Date "2014.08.28"]
[Round "7"]
[White "Bruno, Fabio"]
[Black "Sonis, Francesco"]
[WhiteElo "2428"]
[BlackElo "2050"]
[Result "1/2-1/2"]
[PlyCount "126"]
[EventDate "2014.08.22"]

1. d4 Nf6 2. Nf3 g6 3. c3 Bg7 4. Bg5 d5 5. Nbd2 c5 6. e3 Nc6 7. dxc5 a5 8. Bb5
O-O 9. O-O Qc7 10. a4 Rd8 11. Qe2 Bg4 12. h3 Bxf3 13. Qxf3 Ne5 14. Qe2 Qxc5 15.
Bf4 Nc6 16. Bc7 Rd7 17. Nb3 Qa7 18. Bh2 Qb6 19. Rfd1 e5 20. c4 Rad8 21. c5 Qc7
22. Rac1 Re7 23. f3 Bh6 24. Rb1 d4 25. Nxd4 Nxd4 26. Rxd4 Bxe3+ 27. Qxe3 Rxd4
28. Qxd4 exd4 29. Bxc7 Rxc7 30. Rd1 Rxc5 31. Rxd4 Rc1+ 32. Kh2 Rb1 33. Rd2 Kg7
34. h4 h5 35. Bc4 Re1 36. Rd6 Re7 37. Rb6 Rc7 38. b3 Nd7 39. Rb5 b6 40. Kg3 Rc5
41. Kf4 Kf6 42. Ke4 Rxb5 43. Bxb5 Nc5+ 44. Kd5 Nxb3 45. Kc6 g5 46. hxg5+ Kxg5
47. Kxb6 f5 48. Bc4 Nd2 49. Bd5 Nb1 50. Kxa5 Nc3 51. Bc6 Kf4 52. Kb4 Nxa4 53.
Kxa4 Kg3 54. Kb4 Kxg2 55. Kc3 h4 56. Kd3 Kg3 57. Ke2 h3 58. Kf1 h2 59. f4 Kxf4
60. Kg2 Ke3 61. Kxh2 f4 62. Kh1 f3 63. Bxf3 Kxf3 1/2-1/2

[Event "XXV Festival A"]
[Site "Porto San Giorgio ITA"]
[Date "2014.08.28"]
[Round "7"]
[White "Dragojlovic, Andjelko"]
[Black "Ljubisavljevic, Zivojin Z."]
[WhiteElo "2295"]
[BlackElo "2132"]
[Result "1-0"]
[PlyCount "53"]
[EventDate "2014.08.22"]

1. e4 Nc6 2. Nc3 g6 3. d4 e5 4. dxe5 Nxe5 5. f4 Nc6 6. Nf3 Bg7 7. Bc4 Nf6 8. e5
Ng4 9. Bxf7+ Kxf7 10. Ng5+ Kf8 11. Qxg4 d5 12. Qd1 d4 13. Ne2 Qd5 14. O-O Bg4
15. h3 Bf5 16. Ng3 h6 17. Nf3 Rd8 18. Nxf5 gxf5 19. Nh4 Ne7 20. Qd3 Qe6 21. b3
c5 22. Bd2 Kf7 23. Rae1 Rhf8 24. g4 Bh8 25. gxf5 Rg8+ 26. Kh2 Qc6 27. Qf3 1-0

[Event "XXV Festival A"]
[Site "Porto San Giorgio ITA"]
[Date "2014.08.28"]
[Round "7"]
[White "Godena, Michele"]
[Black "Ramirez Garcia, Jorge Alberto"]
[WhiteElo "2513"]
[BlackElo "2265"]
[Result "1-0"]
[PlyCount "97"]
[EventDate "2014.08.22"]

1. e4 e6 2. d4 d5 3. Nd2 c5 4. exd5 exd5 5. Ngf3 Nc6 6. Bb5 Qe7+ 7. Be2 Qc7 8.
O-O Nf6 9. c4 cxd4 10. cxd5 Nxd5 11. Nb3 Be7 12. Nfxd4 O-O 13. Bf3 Rd8 14. Re1
Ndb4 15. Qe2 Nxd4 16. Nxd4 Rxd4 17. Qxe7 Bd7 18. Be3 Nd5 19. Qa3 Nxe3 20. Qxe3
Rd6 21. Rac1 Qb6 22. Qxb6 Rxb6 23. Rc7 Be6 24. Bxb7 Rb8 25. Bc8 Rxb2 26. Bxe6
fxe6 27. Rxa7 Rf8 28. Rf1 Rd8 29. h3 Rdd2 30. Rc1 Rxf2 31. Rc8+ Rf8 32. Rcc7
Rff2 33. Rxg7+ Kf8 34. a4 e5 35. Kh1 Rb1+ 36. Kh2 Rbb2 37. Kh1 Rb1+ 38. Kh2
Rbb2 39. h4 h6 40. Kh3 Rb3+ 41. g3 Rff3 42. Rg6 Ra3 43. h5 e4 44. Rxh6 Rxg3+
45. Kh4 Rh3+ 46. Kg5 Rhg3+ 47. Kf5 Rgf3+ 48. Ke6 Kg8 49. Rah7 1-0

[Event "XXV Festival A"]
[Site "Porto San Giorgio ITA"]
[Date "2014.08.28"]
[Round "7"]
[White "Mogranzini, Roberto"]
[Black "Bentivegna, Francesco"]
[WhiteElo "2496"]
[BlackElo "2302"]
[Result "1-0"]
[PlyCount "87"]
[EventDate "2014.08.22"]

1. Nf3 Nc6 2. c4 e5 3. Nc3 f5 4. d3 Nf6 5. g3 Bb4 6. Bd2 Bxc3 7. Bxc3 d6 8. Bg2
O-O 9. O-O Qe8 10. e3 Bd7 11. Re1 Qh5 12. Nd2 Qh6 13. f4 Rae8 14. Nf3 e4 15.
Ng5 Qg6 16. Bxf6 Rxf6 17. dxe4 h6 18. exf5 Bxf5 19. Bd5+ Kh8 20. Nf3 Be4 21. a3
Ne7 22. Nh4 Qh7 23. Bxe4 Qxe4 24. Qd4 Nc6 25. Qc3 Ne7 26. Rad1 Nf5 27. Nxf5
Qxf5 28. Rd5 Qg6 29. Kf2 b6 30. Qd3 Qxd3 31. Rxd3 Rf5 32. Rd5 Rf6 33. e4 a5 34.
Kf3 Kg8 35. h4 Rf7 36. Re2 Kf8 37. g4 Ree7 38. g5 hxg5 39. hxg5 g6 40. Rh2 Rh7
41. Rdd2 Ref7 42. a4 Ke7 43. Kg4 c6 44. f5 1-0

[Event "XXV Festival A"]
[Site "Porto San Giorgio ITA"]
[Date "2014.08.28"]
[Round "7"]
[White "Moroni, Luca jr"]
[Black "Seyfried, Claus"]
[WhiteElo "2344"]
[BlackElo "2180"]
[Result "1-0"]
[PlyCount "57"]
[EventDate "2014.08.22"]

1. c4 e5 2. Nc3 Nc6 3. Nf3 g6 4. g3 Bg7 5. Bg2 f5 6. d3 Nf6 7. O-O O-O 8. Rb1
d6 9. b4 h6 10. b5 Ne7 11. Nd2 c6 12. bxc6 bxc6 13. Qa4 Qc7 14. Nb3 Bd7 15. Qa5
Qxa5 16. Nxa5 Rfb8 17. Ba3 Ne8 18. Rfc1 Kf7 19. Nb7 Ke6 20. Na4 Bc8 21. Na5 Kd7
22. e4 Kc7 23. c5 d5 24. exd5 Nxd5 25. Bxd5 cxd5 26. Nc3 Be6 27. Nb5+ Kd7 28.
c6+ Kc8 29. Nb7 1-0

[Event "XXV Festival A"]
[Site "Porto San Giorgio ITA"]
[Date "2014.08.28"]
[Round "7"]
[White "Romanishin, Oleg M."]
[Black "Drasko, Milan"]
[WhiteElo "2509"]
[BlackElo "2437"]
[Result "1/2-1/2"]
[PlyCount "45"]
[EventDate "2014.08.22"]

1. Nf3 Nf6 2. d4 e6 3. g3 b5 4. Bg5 Bb7 5. Bxf6 Qxf6 6. Bg2 c5 7. O-O cxd4 8.
Nxd4 Bxg2 9. Kxg2 a6 10. c3 Bc5 11. e3 O-O 12. Nd2 d5 13. N2b3 Qe7 14. a4 b4
15. Rc1 Ra7 16. c4 dxc4 17. Rxc4 Bd6 18. Qf3 Qd7 19. a5 Rc8 20. Rxc8+ Qxc8 21.
Rd1 Be7 22. Rc1 Rc7 23. Rxc7 1/2-1/2

[Event "XXV Festival A"]
[Site "Porto San Giorgio ITA"]
[Date "2014.08.29"]
[Round "8"]
[White "Calavalle, Giulio"]
[Black "Aleksic, Nenad"]
[WhiteElo "2209"]
[BlackElo "2348"]
[Result "1/2-1/2"]
[PlyCount "24"]
[EventDate "2014.08.22"]

1. e4 c5 2. Nc3 a6 3. g3 b5 4. Bg2 Bb7 5. d3 e6 6. f4 d5 7. exd5 Nf6 8. Qe2
Nxd5 9. Ne4 Nc6 10. Nf3 Be7 11. O-O O-O 12. c3 Qc7 1/2-1/2

[Event "XXV Festival A"]
[Site "Porto San Giorgio ITA"]
[Date "2014.08.29"]
[Round "8"]
[White "Godena, Michele"]
[Black "Draskovic, Luka"]
[WhiteElo "2513"]
[BlackElo "2337"]
[Result "1/2-1/2"]
[PlyCount "31"]
[EventDate "2014.08.22"]

1. e4 d6 2. d4 Nf6 3. Nc3 e5 4. Nf3 Nbd7 5. Bc4 Be7 6. O-O O-O 7. a4 c6 8. a5
Qc7 9. Qe2 exd4 10. Nxd4 Ne5 11. Bb3 Re8 12. f4 Ng6 13. Kh1 Bd8 14. f5 Ne5 15.
Bf4 a6 16. h3 1/2-1/2

[Event "XXV Festival A"]
[Site "Porto San Giorgio ITA"]
[Date "2014.08.29"]
[Round "8"]
[White "Moroni, Luca jr"]
[Black "Romanishin, Oleg M."]
[WhiteElo "2344"]
[BlackElo "2509"]
[Result "1/2-1/2"]
[PlyCount "122"]
[EventDate "2014.08.22"]

1. c4 e5 2. Nc3 Nf6 3. Nf3 Nc6 4. a3 g6 5. g3 d5 6. cxd5 Nxd5 7. Bg2 Nde7 8.
O-O Bg7 9. d3 O-O 10. Rb1 a5 11. b4 axb4 12. axb4 h6 13. Nd2 Nd4 14. Nc4 c6 15.
b5 Nd5 16. Nxd5 cxd5 17. Ne3 Be6 18. Bb2 Qd7 19. Bxd4 exd4 20. Nc2 Rfc8 21. Rb4
Qd6 22. Rb2 Rc3 23. Qd2 Qc5 24. Rfb1 Rc8 25. Ne1 b6 26. h4 Rc1 27. Kf1 Qc3 28.
Rxc1 Qxc1 29. Qxc1 Rxc1 30. f4 Kf8 31. Kf2 Ke7 32. Nc2 Kd6 33. Nb4 Bf6 34. Bf3
g5 35. hxg5 hxg5 36. f5 Bxf5 37. Bxd5 g4 38. Bxf7 Rc5 39. Na6 Rc8 40. Bc4 Bg5
41. Kg2 Rf8 42. Rb1 Bc8 43. Nb4 Re8 44. Rb2 Be3 45. Bd5 Rf8 46. Be4 Rf2+ 47.
Kh1 Be6 48. Na6 Rf1+ 49. Kh2 Rd1 50. Rc2 Rc1 51. Rxc1 Bxc1 52. Nb8 Be3 53. Bc6
Bd2 54. Kg2 Bc8 55. Be8 Ke7 56. Bc6 Kd6 57. Be8 Be3 58. Na6 Bb7+ 59. Kf1 Bg5
60. Kf2 Bc8 61. Nb4 Be3+ 1/2-1/2

[Event "XXV Festival A"]
[Site "Porto San Giorgio ITA"]
[Date "2014.08.29"]
[Round "8"]
[White "Naumkin, Igor"]
[Black "Sonis, Francesco"]
[WhiteElo "2448"]
[BlackElo "2050"]
[Result "1-0"]
[PlyCount "49"]
[EventDate "2014.08.22"]

1. d4 Nf6 2. c4 g6 3. Nc3 Bg7 4. e4 d6 5. Nf3 O-O 6. Be2 e5 7. d5 a5 8. Bg5 h6
9. Bh4 Na6 10. O-O Nc5 11. Nd2 Qe8 12. b3 Bd7 13. a3 Nh7 14. Qc2 f5 15. f3 g5
16. Bf2 f4 17. b4 axb4 18. axb4 Na4 19. Nb5 Bxb5 20. cxb5 Nb6 21. Qxc7 Rxa1 22.
Rxa1 Nxd5 23. Bc4 Nhf6 24. Qxb7 Rf7 25. Bxd5 1-0

[Event "XXV Festival A"]
[Site "Porto San Giorgio ITA"]
[Date "2014.08.29"]
[Round "8"]
[White "Pescatore, Lorenzo"]
[Black "Borgo, Giulio"]
[WhiteElo "2246"]
[BlackElo "2381"]
[Result "1-0"]
[PlyCount "64"]
[EventDate "2014.08.22"]

1. e4 e6 2. d4 d5 3. Nc3 Nc6 4. Nf3 Nf6 5. e5 Ne4 6. Bb5 Nxc3 7. bxc3 Bd7 8.
Bd3 h6 9. h4 Na5 10. h5 c5 11. Be3 Qc7 12. O-O O-O-O 13. Re1 Kb8 14. dxc5 Bxc5
15. Nd4 Bb6 16. Qg4 Rdg8 17. Qf3 Rf8 18. Qg4 Nc4 19. Bxc4 Qxc4 20. Qxg7 Qxc3
21. Ne2 Qxc2 22. Bxb6 axb6 23. Qg3 Qa4 24. Qe3 Rc8 25. Qxb6 Rc4 26. Qd6+ Ka7
27. Rab1 Bb5 28. Rb3 Ba6 29. Reb1 Qa5 30. Qe7 Qc7 31. Qa3 Rb8 32. Nc3 Qc5 1-0

[Event "XXV Festival A"]
[Site "Porto San Giorgio ITA"]
[Date "2014.08.29"]
[Round "8"]
[White "Rossi, Aldo A."]
[Black "Teutsch, Alexander"]
[WhiteElo "2262"]
[BlackElo "2149"]
[Result "1-0"]
[PlyCount "55"]
[EventDate "2014.08.22"]

1. d4 Nf6 2. c4 c5 3. d5 e6 4. Nc3 exd5 5. cxd5 d6 6. Nf3 g6 7. Qa4+ Nbd7 8.
Bf4 Be7 9. e4 O-O 10. Qc2 Re8 11. Bd3 a6 12. a4 Qa5 13. O-O Nh5 14. Be3 Bf8 15.
Nd2 Ne5 16. Be2 Nf6 17. h3 Bg7 18. f4 Ned7 19. g4 h6 20. Nc4 Qc7 21. Bf3 Rb8
22. Qb3 b5 23. axb5 axb5 24. Nxb5 Rxb5 25. Qxb5 Nxe4 26. Qc6 Qb7 27. Ra8 Nef6
28. Nxd6 1-0

[Event "XXV Festival A"]
[Site "Porto San Giorgio ITA"]
[Date "2014.08.29"]
[Round "8"]
[White "Varvaglione, Antonio"]
[Black "Dragojlovic, Andjelko"]
[WhiteElo "2048"]
[BlackElo "2295"]
[Result "1-0"]
[PlyCount "29"]
[EventDate "2014.08.22"]

1. e4 c5 2. Nf3 g6 3. d4 cxd4 4. Qxd4 Nf6 5. e5 Nc6 6. Qa4 Nd5 7. Qe4 Nc7 8.
Nc3 Bg7 9. Bf4 Ne6 10. O-O-O O-O 11. h4 f5 12. exf6 Rxf6 13. Bc4 Qf8 14. Bg5
Rf7 15. h5 1-0

[Event "XXV Festival A"]
[Site "Porto San Giorgio ITA"]
[Date "2014.08.29"]
[Round "8"]
[White "Vezzosi, Paolo"]
[Black "Bruno, Fabio"]
[WhiteElo "2274"]
[BlackElo "2428"]
[Result "0-1"]
[PlyCount "78"]
[EventDate "2014.08.22"]

1. Nf3 Nf6 2. g3 b5 3. Bg2 Bb7 4. O-O e6 5. b3 c5 6. c4 a6 7. Bb2 Be7 8. Nc3
Qb6 9. Rb1 Nc6 10. e3 O-O 11. d4 cxd4 12. exd4 bxc4 13. bxc4 Qc7 14. Ne5 Na5
15. Bxb7 Nxb7 16. Qa4 Rfc8 17. Ba1 Nd8 18. c5 Bxc5 19. Nxf7 Nxf7 20. dxc5 Qxc5
21. Ne4 Nxe4 22. Qxe4 Qc4 23. Qe3 e5 24. f4 Qxa2 25. fxe5 Rc2 26. Qe4 Rac8 27.
Rbd1 Ng5 28. Qd5+ Qxd5 29. Rxd5 R8c7 30. Bd4 Nh3+ 31. Kh1 h6 32. Bb6 Rb7 33.
Rd6 Re2 34. Rf5 a5 35. Rh5 Ng5 36. e6 dxe6 37. Rh4 Nf3 38. Rh3 e5 39. g4 e4 0-1

[Event "XXV Festival A"]
[Site "Porto San Giorgio ITA"]
[Date "2014.08.29"]
[Round "8"]
[White "Viviani, Alessio"]
[Black "Bentivegna, Francesco"]
[WhiteElo "2137"]
[BlackElo "2302"]
[Result "0-1"]
[PlyCount "90"]
[EventDate "2014.08.22"]

1. d4 d5 2. c4 dxc4 3. Nf3 Nf6 4. e3 Bg4 5. Bxc4 e6 6. h3 Bh5 7. Nc3 Nc6 8. g4
Bg6 9. h4 h5 10. g5 Ne4 11. Bd3 Bb4 12. Qc2 Qd5 13. Ke2 Bxc3 14. bxc3 O-O 15.
Ba3 Nd6 16. c4 Bxd3+ 17. Qxd3 Qf5 18. Qxf5 exf5 19. Rab1 b6 20. Ne5 Na5 21.
Rhc1 Rfe8 22. c5 Ne4 23. f3 Ng3+ 24. Kf2 f4 25. e4 Rad8 26. Nd3 Rxd4 27. Nxf4
Nxe4+ 28. fxe4 Rexe4 29. Ng2 Nc4 30. cxb6 cxb6 31. Bb2 Rd2+ 32. Kf3 Rg4 33. Ne3
Rd3 34. Rc3 Nd2+ 35. Ke2 Rxe3+ 36. Kxd2 Rxc3 37. Bxc3 Rxh4 38. Kd3 Rg4 39. Bd2
Kh7 40. Rc1 Ra4 41. Rc7 Kg6 42. Rc6+ Kf5 43. Rc7 Ra3+ 44. Bc3 Kg6 45. Rc6+ Kxg5
0-1